Geboren in Kassel - Statistiken

Allgemein
  • Dieses Quiz wurde 112 mal gespielt
    11 seit der letzten Aktualisierung
  • Das Durchschnittsergebnis liegt bei 5 aus 18
Antwortstatistiken
Hinweis Antwort % Korrekt
sozialdemokratischer Politiker, der das Ende des Kaiserreichs und die Weimarer Republik ausrief 1865 Philipp Scheidemann
82%
RTL-Moderator u.a von "Stern TV" 1971 Steffen Hallaschka
73%
Begründer der Nachrichtenagentur Reuters 1816 Paul Julius Reuter
64%
Schauspielerin, bekannt als Lena Odenthal aus dem Ludwigshafen-"Tatort" 1961 Ulrike Folkerts
64%
Sängerin, "Zu dir" "Leiser" "Drei Uhr nachts" 1992 Lea
55%
früherer türkischer Fußballnationalspieler (Mainz 05, Wolfsburg und Trabzonspor) 1992 Yunus Malli
45%
SPD-Politiker, langjähriger Oberbürgermeister von Kassel, Ministerpräsident von Hessen und späterer Bundesfinanzminister 1941 Hans Eichel
27%
SPD-Politikerin und frühere Bundesjustitzministerin 1953 Brigitte Zypries
18%
Musiker und der andere Teil der Band Milky Chance 1992 Clemens Rehbein
18%
letztes Opfer der NSU-Mordserie 1985 Halit Yozgat
18%
Begründer der documenta 1900 Arnold Bode
9%
SPD-Politikerin und eine der "Mütter des Grundgesetzes" 1896 Elisabeth Selbert
9%
Sie erreichte Bekanntheit durch ihre Teilnahme und ihren Ausstieg aus "Germany's Next Topmodel" aufgrund von Hasskommentaren, heute Aktivistin gegen Cyber-Mobbing 1996 Lijana Kaggwa
9%
Musiker und Teil der Band Milky Chance, "Stolen Dance" "Colorado" 1992 Philipp Dausch
9%
Fußballnationalspielerin, FC Bayern München 1992 Carolin Simon
0%
Eishockeynationalspieler, Adler Mannheim 2000 Justin Schütz
0%
Basketballnationalspielerin und Olympiasiegerin im 3x3 Basketball 2001 Marie Reichert
0%
Schauspieler, "Fleisch ist mein Gemüse" "Männerherzen" 1975 Maxim Mehmet
0%
Keine übereinstimmenden Quizze gefunden
Verteilung der Resultate
Anzahl Personen mit jedem Resultat
Perzentil nach korrekt beantworteten Fragen
Ihre Resultats-Entwicklung
Sie haben dieses Quiz seit der letzten Aktualisierung nicht gespielt